Fertiilsers in Indian Agriculture-From 20th to 21st century (Record no. 42981)

MARC details
000 -LEADER
fixed length control field 00446nam a2200145Ia 4500
020 ## - INTERNATIONAL STANDARD BOOK NUMBER
ISBN 8185116520
082 ## - DEWEY DECIMAL CLASSIFICATION NUMBER
Classification number 631.8(540)
Item number TAN
100 ## - MAIN ENTRY--AUTHOR NAME
Personal name Tandon, H L S
245 #0 - TITLE STATEMENT
Title Fertiilsers in Indian Agriculture-From 20th to 21st century
260 ## - PUBLICATION, DISTRIBUTION, ETC. (IMPRINT)
Place of publication New Delhi
Name of publisher Fertiliser Development and Consultation Organisation
Year of publication 2004
650 ## - SUBJECT ADDED ENTRY--TOPICAL TERM
Topical Term Nutrient deficiency
650 ## - SUBJECT ADDED ENTRY--TOPICAL TERM
Topical Term Plant nutrients
942 ## - ADDED ENTRY ELEMENTS (KOHA)
Koha item type Books
Holdings
Withdrawn status Lost status Damaged status Not for loan Home library Current library Date acquired Cost, normal purchase price Full call number Accession Number Koha item type
        RRII Library RRII Library 16/12/2021 500.00 631.8(540) TAN 23245 Books